| 000 -LEADER |
| fixed length control field |
01083com a2200325Ia 4500 |
| 020 ## - INTERNATIONAL STANDARD BOOK NUMBER |
| ISBN |
0028253264 (student ed.) |
| 020 ## - INTERNATIONAL STANDARD BOOK NUMBER |
| ISBN |
9780028253268 (student ed.) |
| 020 ## - INTERNATIONAL STANDARD BOOK NUMBER |
| ISBN |
9780028253336 (student ed. vol. 1) |
| 020 ## - INTERNATIONAL STANDARD BOOK NUMBER |
| ISBN |
0028253337 (student ed. vol. 1) |
| 020 ## - INTERNATIONAL STANDARD BOOK NUMBER |
| ISBN |
9780028253343 (student ed. vol. 2) |
| 020 ## - INTERNATIONAL STANDARD BOOK NUMBER |
| ISBN |
0028253345 (student ed. vol. 2) |
| 020 ## - INTERNATIONAL STANDARD BOOK NUMBER |
| ISBN |
0028253280 (teacher ed.) |
| 020 ## - INTERNATIONAL STANDARD BOOK NUMBER |
| ISBN |
9780028253282 (teacher ed.) |
| 040 ## - CATALOGING SOURCE |
| Transcribing agency |
NKM |
| 082 ## - DEWEY DECIMAL CLASSIFICATION NUMBER |
| Classification number |
512 GLE 1998 A060 Or. |
| 245 00 - TITLE STATEMENT |
| Title |
Glencoe Algebra 1. |
| Remainder of title |
integration, applications, connections / |
| 246 30 - VARYING FORM OF TITLE |
| Title proper/short title |
Algebra 1 |
| 246 33 - VARYING FORM OF TITLE |
| Title proper/short title |
Algebra I |
| 260 ## - PUBLICATION, DISTRIBUTION, ETC. (IMPRINT) |
| Place of publication |
New York, N.Y. : |
| Name of publisher |
Glencoe/McGraw-Hill, |
| Year of publication |
c1998 |
| 300 ## - PHYSICAL DESCRIPTION |
| Number of Pages |
1 kit (student ed. (2 vol.) + |
| Accompanying material |
teacher ed., student ed. (1 vol.), 13 resource booklets |
| 500 ## - GENERAL NOTE |
| General note |
Title from t.p. of teacher's ed |
| 500 ## - GENERAL NOTE |
| General note |
Vol. 17 is from Glencoe mathematics professional series |
| 650 #0 - SUBJECT ADDED ENTRY--TOPICAL TERM |
| Topical Term |
Algebra |
| 650 #0 - SUBJECT ADDED ENTRY--TOPICAL TERM |
| Topical Term |
Algebra |
| 650 #0 - SUBJECT ADDED ENTRY--TOPICAL TERM |
| Topical Term |
Algebra |
| 650 #0 - SUBJECT ADDED ENTRY--TOPICAL TERM |
| Topical Term |
Mathematics |
| 700 1# - ADDED ENTRY--PERSONAL NAME |
| Personal name |
Collins, William |
| 710 2# - ADDED ENTRY--CORPORATE NAME |
| Corporate name or jurisdiction name as entry element |
Glencoe/McGraw-Hill |
| 942 ## - ADDED ENTRY ELEMENTS (KOHA) |
| Koha item type |
សៀវភៅភាសាអង់គ្លេស |
| 952 ## - LOCATION AND ITEM INFORMATION (KOHA) |
| Withdrawn status [LOCAL, KOHA] |
0 |